00353nam a2200145Ia 4500008004100000020001500041041001200056082001100068100001700079245004800096250000800144260003100152300000900183650001500192221030s9999 xx 000 0 und d a8126141845 aEnglish a105.23 aV. K. Bhalla 0aFinancial Management & Policy :Text & Cases a8th bAnmol PubaNew Delhic2009 a1181 aManagement